[Event "Voronezh op"]
[Site "Voronezh"]
[Date "2023.06.17"]
[Round "2"]
[White "Kovalenko, Sergey"]
[Black "Obgolts, Erik"]
[Result "0-1"]
[WhiteElo "2186"]
[BlackElo "2436"]
[PlyCount "104"]
[EventDate "2023.06.16"]
[EventType "swiss"]
[EventRounds "9"]
[EventCountry "RUS"]
[SourceTitle "CBM 214 Extra"]
[Source "ChessBase"]
[SourceDate "2023.07.31"]
[SourceVersion "1"]
[SourceVersionDate "2023.07.31"]
[SourceQuality "1"]

1. d4 Nf6 2. Nf3 g6 3. Bf4 Bg7 4. h3 0-0 5. e3 d6 6. Bc4 c5 7. c3 Qb6 8. Qb3 Nc6 9. Qxb6 axb6 10. Nbd2 Bd7 11. 0-0 b5 12. Be2 b4 13. Rfc1 Nd5 14. Bg3 bxc3 15. bxc3 Ra3 16. Nb1 Ra7 17. e4 Nf6 18. d5 Na5 19. Nbd2 b5 20. Rab1 Rb7 21. e5 Nxd5 22. c4 Nb4 23. exd6 Nxa2 24. dxe7 Re8 25. Re1 Nc3 26. cxb5 Nxb1 27. Rxb1 Rxe7 28. Bf1 Re8 29. b6 Re6 30. Bc7 Rc6 31. Bb5 Rcxc7 32. bxc7 Bc8 33. Ne4 Rxc7 34. Rd1 h6 35. Rd8+ Kh7 36. Nd6 Be6 37. Ra8 Bc3 38. Ne4 Bd5 39. Re8 Bxe4 40. Rxe4 c4 41. Ba4 Bf6 42. Bc2 c3 43. Kf1 Nc4 44. Ke2 Na3 45. Ne1 Rb7 46. Ra4 Nxc2 47. Nxc2 Rd7 48. Ne3 Rd2+ 49. Ke1 Bg5 50. Rc4 Bxe3 51. fxe3 Rxg2 52. Rxc3 Rg3 0-1

[Event "RUS-chT Blitz"]
[Site "Sochi"]
[Date "2021.10.14"]
[Round "13.2"]
[White "Kovalenko, Sergey"]
[Black "Faizrakhmanov, Ramil"]
[Result "0-1"]
[WhiteElo "2214"]
[BlackElo "2483"]
[PlyCount "44"]
[EventDate "2021.10.14"]
[EventType "team-swiss (blitz)"]
[EventRounds "13"]
[EventCountry "RUS"]
[SourceTitle "CBM 204 Extra"]
[Source "ChessBase"]
[SourceDate "2021.11.30"]
[SourceVersion "1"]
[SourceVersionDate "2021.11.30"]
[SourceQuality "1"]
[WhiteTeam "Voronezh"]
[BlackTeam "Tatarstan Ladya"]
[WhiteTeamCountry "RUS"]
[BlackTeamCountry "RUS"]

1. d4 Nf6 2. Nf3 e6 3. g3 b5 4. Bg2 Bb7 5. 0-0 d5 6. Ne5 Nbd7 7. b3 Be7 8. Bb2 0-0 9. c4 bxc4 10. bxc4 Rb8 11. Nd2 Nxe5 12. dxe5 Nd7 13. Rb1 Nb6 14. cxd5 Bxd5 15. Nb3 Bxg2 16. Kxg2 c5 17. Na5 Qc7 18. Qc2 c4 19. Rfc1 Rfc8 20. Bc3 h6 21. f4 Nd5 22. Qe4 Rxb1 0-1

[Event "Voronezh op-A 23rd"]
[Site "Voronezh"]
[Date "2019.06.18"]
[Round "6"]
[White "Pshmahov, Osman"]
[Black "Kovalenko, Sergey"]
[Result "1/2-1/2"]
[WhiteElo "2039"]
[BlackElo "2269"]
[PlyCount "102"]
[EventDate "2019.06.12"]
[EventType "swiss"]
[EventRounds "9"]
[EventCountry "RUS"]
[SourceTitle "EXT 2020"]
[Source "ChessBase"]
[SourceDate "2019.10.17"]
[SourceVersion "1"]
[SourceVersionDate "2019.10.17"]
[SourceQuality "1"]

1. e4 c5 2. Nc3 Nc6 3. g3 g6 4. Bg2 Bg7 5. d3 e6 6. Be3 d6 7. Nge2 Nge7 8. 0-0 0-0 9. f4 Nd4 10. Qd2 Nec6 11. Nd1 Rb8 12. c3 Nxe2+ 13. Qxe2 Re8 14. Nf2 b6 15. e5 Bb7 16. d4 cxd4 17. cxd4 f5 18. exf6 Qxf6 19. Rad1 Qe7 20. a3 Na5 21. Bxb7 Qxb7 22. Bd2 Qd5 23. Bc3 Nc4 24. Rfe1 Rbc8 25. Rd3 h6 26. Ng4 Qh5 27. a4 d5 28. Kg2 Nd6 29. Nf6+ Bxf6 30. g4 Qh4 31. Rh3 Ne4 32. Rxh4 Bxh4 33. Rf1 Bf6 34. Qf3 Bg7 35. Qh3 Rc6 36. f5 exf5 37. gxf5 g5 38. f6 Nxf6 39. Qf5 Re2+ 40. Rf2 Re4 41. h3 Kh8 42. Bb4 a5 43. Ba3 Rce6 44. Rc2 Re2+ 45. Rxe2 Rxe2+ 46. Kf3 Re4 47. Bd6 Ne8 48. Qxd5 Rxd4 49. Qa8 Rxd6 50. Qxe8+ Kh7 51. Qe4+ Kh8 1/2-1/2

[Event "Voronezh op-A 23rd"]
[Site "Voronezh"]
[Date "2019.06.14"]
[Round "3"]
[White "Kovalenko, Sergey"]
[Black "Nikitenko, Mihail"]
[Result "0-1"]
[WhiteElo "2269"]
[BlackElo "2424"]
[PlyCount "120"]
[EventDate "2019.06.12"]
[EventType "swiss"]
[EventRounds "9"]
[EventCountry "RUS"]
[SourceTitle "EXT 2020"]
[Source "ChessBase"]
[SourceDate "2019.10.17"]
[SourceVersion "1"]
[SourceVersionDate "2019.10.17"]
[SourceQuality "1"]

1. d4 g6 2. Nf3 Bg7 3. Bf4 d6 4. e3 Nf6 5. h3 0-0 6. Bc4 Nbd7 7. 0-0 a6 8. a4 b6 9. Qe2 Bb7 10. Bh2 c5 11. c3 Ra7 12. Nbd2 Qa8 13. Rfe1 e5 14. dxe5 dxe5 15. Bb3 Ne4 16. Red1 Qe8 17. Nxe4 Bxe4 18. Rd6 Qe7 19. Rad1 Rc7 20. Bg3 Bc6 21. Qd2 Nf6 22. Nxe5 Bxa4 23. Bxa4 Ne4 24. Qd5 Nxg3 25. Nc6 Qe4 26. Qxe4 Nxe4 27. Rd7 Rxd7 28. Rxd7 c4 29. Bc2 Nc5 30. Rc7 Bf6 31. Kf1 Ra8 32. Nb4 Bd8 33. Rc6 Kf8 34. Nd5 Rb8 35. e4 Ke8 36. e5 Kd7 37. Rd6+ Ke8 38. f4 Rb7 39. Ke2 Rd7 40. Nf6+ Bxf6 41. Rxf6 b5 42. h4 Ke7 43. h5 Ne6 44. Ke3 a5 45. g4 Rd5 46. Be4 Rd1 47. Bc6 b4 48. Ke2 Rb1 49. f5 gxf5 50. gxf5 Nf4+ 51. Ke3 Nd3 52. Rh6 Nxe5 53. Kd4 f6 54. Bd5 Rxb2 55. Kc5 Nd7+ 56. Kxc4 Nf8 57. cxb4 Rxb4+ 58. Kc3 Rb8 59. Bg8 a4 60. Bxh7 Kf7 0-1

[Event "Voronezh Region-ch"]
[Site "Voronezh"]
[Date "2018.11.26"]
[Round "4"]
[White "Kovalenko, Sergey"]
[Black "Sakorenko, Adriana"]
[Result "1-0"]
[WhiteElo "2222"]
[BlackElo "2075"]
[PlyCount "87"]
[EventDate "2018.11.23"]
[EventType "swiss"]
[EventRounds "9"]
[EventCountry "RUS"]
[SourceTitle "CBM 188 Extra"]
[Source "ChessBase"]
[SourceDate "2019.02.26"]
[SourceVersion "1"]
[SourceVersionDate "2019.02.26"]
[SourceQuality "1"]

1. Nf3 d5 2. e3 Nf6 3. c4 e6 4. b3 c5 5. Bb2 Nc6 6. Be2 d4 7. d3 e5 8. 0-0 Bd6 9. Nbd2 0-0 10. a3 a5 11. Ne1 Qc7 12. Bf3 Re8 13. Nc2 Bf5 14. Bxc6 bxc6 15. e4 Bg4 16. f3 Bd7 17. Kh1 Nh5 18. g3 Re6 19. Rg1 Rg6 20. Ne1 Rb8 21. a4 Qd8 22. Bc1 Bh3 23. Ra2 Rh6 24. Nf1 g5 25. Ng2 Kh8 26. Nh4 Ng7 27. Rf2 Re6 28. Ng2 Rg6 29. g4 h5 30. gxh5 Rh6 31. Ng3 f6 32. Nh4 Nxh5 33. Ngf5 Rh7 34. Ng6+ Kg8 35. Nxd6 Qxd6 36. f4 g4 37. Rxg4 Bxg4 38. Qxg4 Ng7 39. Rg2 Qc7 40. fxe5 fxe5 41. Nh4 Kh8 42. Rf2 Qd6 43. Rf5 Qe6 44. Ng6+ 1-0

[Event "Voronezh op-A 22nd"]
[Site "Voronezh"]
[Date "2018.06.18"]
[Round "6"]
[White "Kovalenko, Sergey"]
[Black "Salemgareev, Tagir"]
[Result "0-1"]
[WhiteElo "2237"]
[BlackElo "2387"]
[PlyCount "88"]
[EventDate "2018.06.12"]
[EventType "swiss"]
[EventRounds "9"]
[EventCountry "RUS"]
[SourceTitle "CBM 185 Extra"]
[Source "ChessBase"]
[SourceDate "2018.07.29"]
[SourceVersion "1"]
[SourceVersionDate "2018.07.29"]
[SourceQuality "1"]

1. c4 c5 2. Nc3 Nc6 3. Nf3 g6 4. e3 Nf6 5. Be2 Bg7 6. 0-0 0-0 7. d4 cxd4 8. Nxd4 d6 9. b3 Bd7 10. Bb2 Qa5 11. Qd2 Rfc8 12. a3 Qd8 13. Rab1 Rab8 14. f4 a6 15. Nf3 Na5 16. Ba1 b5 17. Nd5 bxc4 18. Nxf6+ Bxf6 19. Bxf6 exf6 20. b4 c3 21. Qd5 Qe7 22. Kf2 Nc4 23. Qxc4 Rxc4 24. Bxc4 Rc8 25. Bxa6 c2 26. Rbc1 Rc3 27. Rfe1 Rxa3 28. b5 Bf5 29. Nd4 Bd3 30. Bc8 Qc7 31. Bg4 Qc3 32. b6 Qd2+ 33. Kg3 Be4 34. Bf3 Rxe3 35. Nxc2 Bxc2 36. Rxe3 Qxe3 37. b7 Qxc1 38. b8Q+ Kg7 39. Qxd6 Qe1+ 40. Kh3 h5 41. g4 Qf1+ 42. Bg2 hxg4+ 43. Kg3 Qe1+ 44. Kxg4 Bf5+ 0-1

[Event "Voronezh op-A 22nd"]
[Site "Voronezh"]
[Date "2018.06.14"]
[Round "3"]
[White "Klimentov, Roman"]
[Black "Kovalenko, Sergey"]
[Result "0-1"]
[WhiteElo "2180"]
[BlackElo "2237"]
[PlyCount "62"]
[EventDate "2018.06.12"]
[EventType "swiss"]
[EventRounds "9"]
[EventCountry "RUS"]
[SourceTitle "CBM 185 Extra"]
[Source "ChessBase"]
[SourceDate "2018.07.29"]
[SourceVersion "1"]
[SourceVersionDate "2018.07.29"]
[SourceQuality "1"]

1. e4 e5 2. Nf3 Nc6 3. Bb5 Nf6 4. d3 Bc5 5. c3 Qe7 6. 0-0 a6 7. Ba4 b5 8. Bc2 d6 9. a4 Rb8 10. axb5 axb5 11. h3 0-0 12. d4 exd4 13. cxd4 Bb6 14. Nc3 Nb4 15. Bb1 c5 16. Bf4 Bb7 17. Nxb5 Nxe4 18. Bxe4 Qxe4 19. Bxd6 Rbd8 20. Bxf8 Kxf8 21. Nc3 Qg6 22. d5 Nxd5 23. Nh4 Qf6 24. Nxd5 Rxd5 25. Qb3 Rd4 26. Qg3 Rf4 27. Nf3 Bc7 28. Ra7 Qb6 29. Rfa1 Ra4 30. Qg5 Qxa7 31. Re1 Re4 0-1

[Event "Voronezh op-B 20th"]
[Site "Voronezh"]
[Date "2016.06.21"]
[Round "9"]
[White "Kovalenko, Sergey"]
[Black "Tverdokhleb, Aleksandr"]
[Result "1-0"]
[WhiteElo "2187"]
[BlackElo "2042"]
[PlyCount "24"]
[EventDate "2016.06.12"]
[EventType "swiss"]
[EventRounds "9"]
[EventCountry "RUS"]
[SourceTitle "EXT 2017"]
[Source "ChessBase"]
[SourceDate "2016.10.25"]
[SourceVersion "1"]
[SourceVersionDate "2016.10.25"]
[SourceQuality "1"]

1. Nf3 Nf6 2. g3 d5 3. Bg2 c6 4. 0-0 Bf5 5. d3 h6 6. Nbd2 e6 7. Qe1 Be7 8. b3 0-0 9. Bb2 Nbd7 10. e3 Qb6 11. Qe2 Rac8 12. h3 Qa6 1-0

[Event "Voronezh op-B 20th"]
[Site "Voronezh"]
[Date "2016.06.13"]
[Round "2"]
[White "Chernov, Vladimir S"]
[Black "Kovalenko, Sergey"]
[Result "0-1"]
[WhiteElo "2004"]
[BlackElo "2187"]
[PlyCount "108"]
[EventDate "2016.06.12"]
[EventType "swiss"]
[EventRounds "9"]
[EventCountry "RUS"]
[SourceTitle "EXT 2017"]
[Source "ChessBase"]
[SourceDate "2016.10.25"]
[SourceVersion "1"]
[SourceVersionDate "2016.10.25"]
[SourceQuality "1"]

1. d4 b5 2. Nf3 Nf6 3. e3 a6 4. c4 bxc4 5. Bxc4 e6 6. 0-0 Be7 7. Nc3 d5 8. Bd3 Nbd7 9. Bd2 c5 10. Rc1 0-0 11. Bb1 Bb7 12. Na4 cxd4 13. exd4 Ne4 14. Bf4 Rc8 15. Qb3 Bc6 16. Nc3 g5 17. Bg3 Nxg3 18. fxg3 Bd6 19. Qc2 f5 20. Rce1 Qf6 21. Qe2 Rfe8 22. g4 fxg4 23. Ne5 Qh6 24. Nxg4 Qg7 25. Qd3 Bb7 26. Qxh7+ Qxh7 27. Bxh7+ Kg7 28. Bd3 Bb4 29. Ne5 Nf6 30. Rc1 Re7 31. a3 Ba5 32. Na4 Rxc1 33. Rxc1 Bd2 34. Rc2 Be3+ 35. Kf1 Bxd4 36. Nc6 Bxc6 37. Rxc6 e5 38. Bxa6 e4 39. Nc3 Be5 40. Rb6 d4 41. Nd1 Kg6 42. h3 Rc7 43. Bb7 Kf5 44. Bc6 d3 45. Ne3+ Kf4 46. Kf2 Bd4 47. g3+ Ke5 48. Ra6 Nd7 49. Bd5 Rc2+ 50. Kf1 Bxe3 51. Bb7 Rf2+ 52. Ke1 d2+ 53. Kd1 Rf1+ 54. Ke2 Re1# 0-1

[Event "Voronezh op-B 19th"]
[Site "Voronezh"]
[Date "2015.06.20"]
[Round "8"]
[White "Kolyuzhnov, Vladislav"]
[Black "Kovalenko, Sergey"]
[Result "0-1"]
[WhiteElo "1809"]
[BlackElo "2164"]
[PlyCount "94"]
[EventDate "2015.06.12"]
[EventType "swiss"]
[EventRounds "9"]
[EventCountry "RUS"]
[SourceTitle "CBM 167 Extra"]
[Source "ChessBase"]
[SourceDate "2015.09.14"]
[SourceVersion "1"]
[SourceVersionDate "2015.09.14"]
[SourceQuality "1"]

1. d4 f5 2. c4 Nf6 3. Nc3 g6 4. g3 Bg7 5. Bg2 0-0 6. Nf3 d6 7. 0-0 Qe8 8. Re1 Nc6 9. Nb5 Qd8 10. d5 Ne5 11. Nxe5 dxe5 12. e4 Nxe4 13. Bxe4 fxe4 14. Rxe4 Bf5 15. Re1 Qd7 16. f4 Bg4 17. Qd3 c6 18. Nc3 Rf5 19. fxe5 Bxe5 20. Re4 Rf3 21. Re3 Raf8 22. Rxf3 Rxf3 23. Qe4 Qf5 24. Qxf5 gxf5 25. Ne2 Rd3 26. Bf4 Bf6 27. dxc6 bxc6 28. Kf2 Bxb2 29. Rb1 Bf6 30. Rb8+ Kf7 31. Rb7 Ra3 32. Nc1 Rc3 33. Nb3 Rc2+ 34. Kg1 Rxa2 35. Be3 a5 36. Nd4 a4 37. Nxc6 Bh3 38. Nd8+ Ke8 39. Rb8 Rg2+ 40. Kh1 Re2 41. Ba7 Re1+ 42. Bg1 Kd7 43. Nf7 a3 44. Ra8 Bd4 45. Rd8+ Kc7 46. Rxd4 a2 47. Ng5 Rxg1+ 0-1

[Event "Voronezh op-B 19th"]
[Site "Voronezh"]
[Date "2015.06.14"]
[Round "3"]
[White "Kovalenko, Sergey"]
[Black "Salaev, Ruslan"]
[Result "1-0"]
[WhiteElo "2164"]
[BlackElo "1943"]
[PlyCount "57"]
[EventDate "2015.06.12"]
[EventType "swiss"]
[EventRounds "9"]
[EventCountry "RUS"]
[SourceTitle "CBM 167 Extra"]
[Source "ChessBase"]
[SourceDate "2015.09.14"]
[SourceVersion "1"]
[SourceVersionDate "2015.09.14"]
[SourceQuality "1"]

1. Nf3 c5 2. b3 Nf6 3. Bb2 Nc6 4. e3 e6 5. Be2 Be7 6. 0-0 0-0 7. d4 d5 8. Nbd2 b6 9. Ne5 Nxe5 10. dxe5 Nd7 11. Bd3 Bb7 12. Qg4 Re8 13. f4 f5 14. Qh3 g6 15. g4 Bf8 16. Nf3 Bg7 17. Kf2 Nf8 18. Rg1 Rc8 19. c4 b5 20. gxf5 exf5 21. Rad1 Qa5 22. Bxf5 gxf5 23. Rxg7+ Kxg7 24. e6+ d4 25. Nxd4 Kg8 26. Nc6 Qd2+ 27. Rxd2 Rxc6 28. Qh6 Re7 29. Rd8 1-0

[Event "Voronezh-ch"]
[Site "Voronezh"]
[Date "2015.01.06"]
[Round "3"]
[White "Sakorenko, Adriana"]
[Black "Kovalenko, Sergey"]
[Result "0-1"]
[WhiteElo "1731"]
[BlackElo "2195"]
[PlyCount "98"]
[EventDate "2015.01.03"]
[EventType "swiss"]
[EventRounds "9"]
[EventCountry "RUS"]
[SourceTitle "CBM 164 Extra"]
[Source "ChessBase"]
[SourceDate "2015.03.02"]
[SourceVersion "1"]
[SourceVersionDate "2015.03.02"]
[SourceQuality "1"]

1. e4 g6 2. d4 Bg7 3. Nc3 a6 4. f4 d5 5. e5 h5 6. Nf3 Bg4 7. Be2 e6 8. Be3 Nh6 9. Bf2 Nf5 10. Qd2 Bf8 11. h3 Bxf3 12. Bxf3 h4 13. Ne2 Nc6 14. a3 Qd7 15. 0-0-0 b5 16. Kb1 Rb8 17. Rc1 Be7 18. g3 hxg3 19. Nxg3 Nh4 20. Be2 Qc8 21. Nf1 Nf5 22. Ng3 Ncxd4 23. Nxf5 Nxf5 24. Bd3 Ng7 25. Rcg1 c5 26. Be2 Qc6 27. h4 b4 28. axb4 Rxb4 29. c3 Rb8 30. Bf3 c4 31. Kc1 Qa4 32. Qc2 Qa1+ 33. Kd2 Qxb2 34. h5 Qxc2+ 35. Kxc2 Ba3 36. Rb1 Rxb1 37. Rxb1 0-0 38. h6 Nf5 39. Rh1 Kh7 40. Bh4 Nxh4 41. Rxh4 Rb8 42. f5 gxf5 43. Bh5 Rb7 44. Rh3 a5 45. Kd2 a4 46. Rh1 Bf8 47. Ra1 a3 48. Ke2 Kxh6 49. Rh1 Kg5 0-1

[Event "Voronezh Zagorovsky Memorial"]
[Site "Voronezh"]
[Date "2014.07.03"]
[Round "3"]
[White "Lukovnikov, Alexander"]
[Black "Kovalenko, Sergey"]
[Result "0-1"]
[WhiteElo "2275"]
[BlackElo "2128"]
[PlyCount "78"]
[EventDate "2014.07.01"]
[EventType "swiss"]
[EventRounds "9"]
[EventCountry "RUS"]
[SourceTitle "CBM 161 Extra"]
[Source "ChessBase"]
[SourceDate "2014.08.29"]
[SourceVersion "1"]
[SourceVersionDate "2014.08.29"]
[SourceQuality "1"]

1. d4 Nf6 2. c4 e6 3. Nc3 Bb4 4. e3 0-0 5. Nge2 d5 6. a3 Be7 7. cxd5 exd5 8. Nf4 b6 9. Be2 Bb7 10. 0-0 Ne4 11. Qb3 Nxc3 12. bxc3 Bd6 13. Bf3 c6 14. e4 dxe4 15. Bxe4 Qc7 16. g3 Nd7 17. Bd2 Nf6 18. Bg2 c5 19. d5 c4 20. Qc2 Rfe8 21. a4 Re5 22. a5 bxa5 23. Rfb1 g5 24. Nh3 h6 25. Be3 Rae8 26. Bd4 Re2 27. Qf5 Nh7 28. Qf3 Bc8 29. Qh5 Bf5 30. Rf1 Bg6 31. Qf3 Qd7 32. g4 a4 33. Be3 Rc2 34. Qd1 a3 35. Qd4 Bd3 36. Rfe1 a2 37. f3 Be5 38. Qxa7 Qxa7 39. Bxa7 Nf6 0-1

[Event "Voronezh op-B 18th"]
[Site "Voronezh"]
[Date "2014.06.17"]
[Round "6"]
[White "Kovalenko, Sergey"]
[Black "Kozlov, Sergej A"]
[Result "1-0"]
[WhiteElo "2137"]
[BlackElo "1954"]
[PlyCount "69"]
[EventDate "2014.06.12"]
[EventType "swiss"]
[EventRounds "9"]
[EventCountry "RUS"]
[SourceTitle "EXT 2015"]
[Source "ChessBase"]
[SourceDate "2014.11.20"]
[SourceVersion "1"]
[SourceVersionDate "2014.11.20"]
[SourceQuality "1"]

1. Nf3 d5 2. g3 c5 3. Bg2 Nc6 4. d4 Bg4 5. Ne5 Nxe5 6. dxe5 e6 7. c4 Ne7 8. Nc3 dxc4 9. Qa4+ Qd7 10. Qxc4 Bf5 11. 0-0 Nc6 12. Rd1 Qc8 13. Nb5 a6 14. Nd6+ Bxd6 15. exd6 Ne5 16. Qc3 f6 17. Be3 Nd7 18. Rac1 b6 19. b4 Rb8 20. bxc5 bxc5 21. Bxc5 0-0 22. Ba3 Qe8 23. Qa5 Qh5 24. Bf3 Qh6 25. Rc7 Ne5 26. d7 Rfd8 27. Rb7 Ra8 28. Be7 Bg4 29. Bxg4 Nxg4 30. h4 g5 31. Bxd8 gxh4 32. Bb6 Rd8 33. Be3 Qf8 34. Qxd8 Qxd8 35. Bb6 1-0